| 000 | 00510nam a2200205Ia 4500 | ||
|---|---|---|---|
| 003 | OSt | ||
| 005 | 20140319093229.0 | ||
| 008 | 140130s9999 xx 000 0 und d | ||
| 020 | _a9780439869393 | ||
| 050 |
_aPZ 7 _b.Si58625Cof 2006 |
||
| 100 | _aSilverman, Erica | ||
| 245 |
_cErica Silverman. _aCowgirl kate and cocoa / |
||
| 260 |
_bScholastic, _c2006. _aNew York : |
||
| 300 |
_a40 p. : _bcol. ill. ; _c24 cm. |
||
| 440 | _v1 | ||
| 521 | _aG2 | ||
| 526 | _c400 | ||
| 942 |
_cBK _2lcc |
||
| 999 |
_c40234 _d40234 |
||